• 首页
  • 本馆介绍
  • 公告通知
  • 最新文献
  • 馆藏检索
  • 电子资源
  • 读者导购
  • 参考咨询
  • 我的图书馆
  • 登录
  • 详细信息显示
  • 放入我的书架
  • 预约/预借图书
  • 作者相关作品
  • 分类相关作品
  • 丛书相关作品
  • 出版社相关作品

书目信息

  • 表格格式
  • 工作单格式
  • 卡片格式
题名:
生态旅游
    
 
作者: 韦弗 著 ;杨桂华 , 王跃华 , 肖朝霞 译
分册:  
出版信息: 天津   南开大学出版社  2004
页数: 491页
开本: 21cm
丛书名: 21世纪高等院校旅游专业引进教材系列
单 册:
中图分类: F590.7
科图分类:
主题词: 生态型--旅游--高等学校--教材
电子资源:
ISBN: 7-310-01995-4
000 01208oam2 2200325 450
001 07079000446
005 20070721101323.98
010    @a7-310-01995-4@dCNY27.00
100    @a20040115d2004 ekmy0chiy0110 ea
101 1  @achi@ceng
102    @aCN@b120000
105    @aabk z 000yy
200 1  @a生态旅游@Asheng tai lu^ you@dEcotourism@fDavid Weaver著@g杨桂华等译@zeng
210    @a天津@c南开大学出版社@d2004
215    @a491页@c图, 地图@d21cm
225 2  @a21世纪高等院校旅游专业引进教材系列@h第一批
305    @a据John Wiley & Sons Australia, Ltd. 2001年英文版译出
306    @a由John Wiley & Sons Australia, Ltd授权出版
314    @a责任者规范汉译姓: 韦弗
330    @a本书论述了生态旅游的标准与起源,生态旅游市场、环境、影响、产业,生态旅游的外部环境、组织与政策,并介绍典型的生态旅游活动等。
461  0 @12001 @a21世纪高等院校旅游专业引进教材系列@h第一批
510 1  @aEcotourism@zeng
606 0  @a生态型@x旅游@x高等学校@j教材
690    @aF590.7@v4
701  1 @a韦弗@Awei fu@c(Weaver, David)@4著
702  0 @a杨桂华@Ayang gui hua@4译
702  0 @a王跃华@Awang yue hua@4译
702  0 @a肖朝霞@Axiao chao xia@4译
801  0 @aCN@bTAOJIN@c20070721
905    @a10447@dF590.7@e171
    
    生态旅游=Ecotourism/David Weaver著/杨桂华等译.-天津:南开大学出版社,2004
    491页:图, 地图;21cm.-(21世纪高等院校旅游专业引进教材系列.第一批)
    
    
    ISBN 7-310-01995-4:CNY27.00
    本书论述了生态旅游的标准与起源,生态旅游市场、环境、影响、产业,生态旅游的外部环境、组织与政策,并介绍典型的生态旅游活动等。
●
相关链接 在E读中查询图书 在五车中查询图书 在当当中查询图书 在豆瓣中查询图书


正题名:生态旅游     索取号:F590.7/171         预约/预借

序号 登录号 条形码 馆藏地/架位号 状态 备注
1 0822691   208226917   第一样本阅览室/ [索取号:F590.7/171] 在馆    
2 0822692   208226926   第一借阅区/ [索取号:F590.7/171] 在馆    
3 0822693   208226935   第一借阅区/ [索取号:F590.7/171] 在馆    
4 0822694   208226944   第一借阅区/ [索取号:F590.7/171] 在馆    
5 0822695   208226953   第一借阅区/ [索取号:F590.7/171] 在馆    
6 0822696   208226962   第一借阅区/ [索取号:F590.7/171] 在馆    
唐山师范学院图书馆 欢迎您!
大连网信软件有限公司© 版权所有